| 000 | 00735 a2200193 4500 | ||
|---|---|---|---|
| 020 | _a1584885505 | ||
| 020 | _a9781584885504 | ||
| 082 | _a005.1 | ||
| 090 |
_c1006 _d1006 |
||
| 100 | _aGonzalez, Teofilo F. | ||
| 245 | 1 | 0 |
_aHandbook of approximation algorithms and metaheuristics / _cTeofilo F. Gonzalez. |
| 260 |
_a[S.l.] : _bChapman and Hall/CRC, _c2007. |
||
| 300 |
_a1432 p. ; _c26 cm. |
||
| 490 | 1 | _aChapman & hall/crc computer & information science series. | |
| 700 | 1 | _aGonzalez, Teofilo F. | |
| 830 | 0 | _aChapman & hall/crc computer & information science series. | |
| 942 |
_aSNS _cBK _k005.1 GON |
||
| 999 |
_c29625 _d29625 |
||